Community centre design (Record no. 9616)

000 -LEADER
fixed length control field 00493nam a22002057a 4500
003 - CONTROL NUMBER IDENTIFIER
control field OSt
005 - DATE AND TIME OF LATEST TRANSACTION
control field 20210904130412.0
008 - FIXED-LENGTH DATA ELEMENTS--GENERAL INFORMATION
fixed length control field 210904b ||||| |||| 00| 0 eng d
020 ## - INTERNATIONAL STANDARD BOOK NUMBER
International Standard Book Number 978-9881566447
040 ## - CATALOGING SOURCE
Original cataloging agency BMSCA
041 ## - LANGUAGE CODE
Language code of text/sound track or separate title Eng
082 ## - DEWEY DECIMAL CLASSIFICATION NUMBER
Edition number 22
Classification number 725.8
Item number GAR
100 ## - MAIN ENTRY--PERSONAL NAME
Personal name Garci, Santiago Gonzalez
245 ## - TITLE STATEMENT
Title Community centre design
250 ## - EDITION STATEMENT
Edition statement Sew edition
260 ## - PUBLICATION, DISTRIBUTION, ETC. (IMPRINT)
Name of publisher, distributor, etc DesignMedia Publishing Limited
Date of publication, distribution, etc 2013
300 ## - PHYSICAL DESCRIPTION
Extent 224pp.
653 ## - INDEX TERM--UNCONTROLLED
Uncontrolled term Community Centre
942 ## - ADDED ENTRY ELEMENTS (KOHA)
Source of classification or shelving scheme
Holdings
Withdrawn status Lost status Source of classification or shelving scheme Damaged status Koha normalized classification for sorting Not for loan Permanent location Current location Date acquired Total Checkouts Full call number Barcode Date last seen Date last borrowed Price effective from Koha item type
        725_800000000000000_GAR   BMS College of Architecture, Design and Planning BMS College of Architecture, Design and Planning 2021-09-04 2 725.8 GAR AR-UG1519 2025-11-12 2025-11-11 2021-09-04 UG Books
Copyright © 2025, The Librarian, Library and Information Centre, BMSCA D&P, Bengaluru. All Rights Reserved
web counter

Powered by Koha